[Event "Winnipeg TNT April op"]
[Site "Winnipeg"]
[Date "2018.04.24"]
[Round "4"]
[White "Marshall, Carter"]
[Black "Magyar, Peter"]
[Result "1-0"]
[WhiteElo "1488"]
[BlackElo "1508"]
[PlyCount "120"]
[EventDate "2018.04.03"]
[EventType "swiss"]
[EventRounds "4"]
[EventCountry "CAN"]
[SourceTitle "EXT 2022"]
[Source "ChessBase"]
[SourceDate "2021.10.06"]
[SourceVersion "1"]
[SourceVersionDate "2021.10.06"]
[SourceQuality "1"]

1. e4 e6 2. f4 c5 3. Nc3 d5 4. Nf3 Nc6 5. Bb5 Bd7 6. d3 d4 7. Ne2 Be7 8. Bd2 Nf6 9. Ng3 Qb6 10. Bxc6 Bxc6 11. Rb1 h6 12. h3 Qa6 13. a3 b6 14. Qe2 Qb7 15. Ne5 0-0 16. Nxc6 Qxc6 17. e5 Nd5 18. Nh5 Bh4+ 19. g3 Be7 20. Rf1 g6 21. f5 exf5 22. Bxh6 Rfe8 23. g4 gxh5 24. gxh5 Bh4+ 25. Kd1 Qxh6 26. Qg2+ Qg5 27. Qxd5 Qxh5+ 28. Rf3 Kh7 29. c4 Rg8 30. Kc2 Rg2+ 31. Kb3 Rd8 32. Qb7 Rf2 33. Rxf2 Bxf2 34. Rf1 Bg3 35. e6 Rf8 36. Qe7 Kg7 37. Qd7 Bh4 38. e7 Bxe7 39. Qxe7 Rg8 40. Qe5+ f6 41. Rg1+ Kh7 42. Qe7+ Kh8 43. Qxf6+ Kh7 44. Qe7+ Kh8 45. Rxg8+ Kxg8 46. Qxa7 Qd1+ 47. Ka2 Qxd3 48. Qxb6 Qxc4+ 49. Qb3 Qxb3+ 50. Kxb3 f4 51. Kc2 c4 52. a4 d3+ 53. Kd1 f3 54. Ke1 Kg7 55. a5 Kf6 56. a6 Kf5 57. a7 Kf4 58. a8Q Kg3 59. Qg8+ Kf4 60. Qg4+ Ke3 1-0

[Event "Winnipeg TNT April op"]
[Site "Winnipeg"]
[Date "2017.04.25"]
[Round "4"]
[White "Marshall, Carter"]
[Black "Letain, Cory"]
[Result "0-1"]
[WhiteElo "1429"]
[BlackElo "1699"]
[PlyCount "46"]
[EventDate "2017.04.04"]
[EventType "swiss"]
[EventRounds "4"]
[EventCountry "CAN"]
[SourceTitle "EXT 2022"]
[Source "ChessBase"]
[SourceDate "2021.10.06"]
[SourceVersion "1"]
[SourceVersionDate "2021.10.06"]
[SourceQuality "1"]

1. e4 e5 2. Nf3 f5 3. Nc3 fxe4 4. Nxe4 d5 5. Nc3 e4 6. Ne5 Nf6 7. d4 Bb4 8. Bd2 0-0 9. a3 Bd6 10. Nb5 Bxe5 11. dxe5 Ng4 12. Bg5 Qd7 13. c4 a6 14. cxd5 Nxe5 15. Bf4 Rxf4 16. Qh5 Rf5 17. Qh4 axb5 18. f4 Nd3+ 19. Bxd3 exd3 20. 0-0-0 Rxd5 21. Kb1 b4 22. axb4 Qa4 23. Kc1 Qc2# 0-1

[Event "Winnipeg op"]
[Site "Winnipeg"]
[Date "2016.07.19"]
[Round "7"]
[White "Marshall, Carter"]
[Black "Remillard, John"]
[Result "0-1"]
[WhiteElo "1340"]
[BlackElo "1669"]
[PlyCount "82"]
[EventDate "2016.06.07"]
[EventType "swiss"]
[EventRounds "8"]
[EventCountry "CAN"]
[SourceTitle "EXT 2022"]
[Source "ChessBase"]
[SourceDate "2021.10.06"]
[SourceVersion "1"]
[SourceVersionDate "2021.10.06"]
[SourceQuality "1"]

1. e4 c5 2. Nf3 e6 3. d4 d5 4. e5 a6 5. Nc3 Nc6 6. Bg5 Qb6 7. Na4 Qb4+ 8. c3 Qa5 9. Qb3 cxd4 10. Bd3 b5 11. Nb6 Qxb6 12. cxd4 Bb4+ 13. Kf1 Bd7 14. Rc1 Nge7 15. Bxe7 Bxe7 16. h4 Nxd4 17. Nxd4 Qxd4 18. Qc2 Rc8 19. Qxc8+ Bxc8 20. Rxc8+ Bd8 21. Bc2 Kd7 22. Rc3 Bb6 23. Rf3 Qc4+ 24. Bd3 Qc1+ 25. Ke2 Qxb2+ 26. Kf1 Ke7 27. Kg1 Qxe5 28. a4 bxa4 29. Bxa6 Ra8 30. Bd3 a3 31. Bxh7 a2 32. g3 a1Q+ 33. Kg2 Qxh1+ 34. Kxh1 Ra1+ 35. Kg2 Qe1 36. Kh3 Qh1+ 37. Kg4 Ra4+ 38. Rf4 Rxf4+ 39. Kxf4 Qc1+ 40. Kg4 f5+ 41. Kh5 Qh6# 0-1

[Event "Winnipeg Yanofsky Memorial U1800"]
[Site "Winnipeg"]
[Date "2015.08.14"]
[Round "1.5"]
[White "Marshall, Carter"]
[Black "Russo, Max"]
[Result "0-1"]
[WhiteElo "1596"]
[BlackElo "1327"]
[PlyCount "82"]
[EventDate "2015.08.14"]
[EventType "swiss"]
[EventRounds "5"]
[EventCountry "CAN"]
[SourceTitle "EXT 2022"]
[Source "ChessBase"]
[SourceDate "2021.10.06"]
[SourceVersion "1"]
[SourceVersionDate "2021.10.06"]
[SourceQuality "1"]

1. e4 c5 2. d3 d6 3. f4 Nc6 4. Be3 Nf6 5. Nf3 g6 6. e5 dxe5 7. fxe5 Nd7 8. c3 Ncxe5 9. Nxe5 Nxe5 10. Bxc5 Bf5 11. d4 Nd7 12. Nd2 Nxc5 13. dxc5 Bg7 14. Qe2 0-0 15. 0-0-0 Qa5 16. a3 Qxc5 17. h4 Rfd8 18. h5 Rd6 19. Ne4 Rxd1+ 20. Kxd1 Rd8+ 21. Kc1 Bh6+ 22. Kb1 Qd5 23. Rh4 Bg5 24. Qd3 Bxh4 25. c4 Qxe4 26. Qxe4 Bxe4+ 27. Ka1 Rd1+ 28. Ka2 Rxf1 29. b4 gxh5 30. c5 Bxg2 31. Kb3 Rd1 32. Ka4 Bg3 33. b5 e5 34. Ka5 Be1+ 35. Ka4 h4 36. b6 axb6 37. cxb6 h3 38. Kb5 h2 39. a4 h1Q 40. a5 Bc6+ 41. Kc5 Qd5# 0-1